01210nam a2200349 a 4500003000900000005001700009008004100026020001800067040001300085245011400098250001200212260002500224300002900249490002900278500015300307650002800460650001400488650003200502650002400534650002600558650001400584650002700598650001500625651001300640653002300653700002900676700002600705700003200731700003400763700003200797700003100829AR-BaBNM20251128204244.0082120s2002 ||||||||||||||000 | spa|| a84-277-0989-7 cAR-BaBNM00aTeoría y práctica del proceso de enseñanza-aprendizajebpautas y ejemplos para un desarrollo curricular a1ª ed. aMadridbNarceac1992 a262 p.bgráfs., tablas 0aEducación hoy-estudios aObra en colaboración con el Principado de Asturias. Consejería de Educación, Cultura, Deportes y Juventud. Dirección Regional de Educación 4aTEORIAS DEL APRENDIZAJE 4aCURRICULO 4aPLANIFICACION DEL CURRICULO 4aTECNICAS DIDACTICAS 4aFORMACION PROFESIONAL 4aCOGNICION 4aMETODOS DE ENSEÑANZA 4aMOTIVACION 4aEspaña aMODELOS EDUCATIVOS1 aSoler Vázquez, Enrique1 aAlvarez Pérez, Luis1 aGarcía González, Arturo1 aHernández García, Jesús1 aOrdóñez Alvarez, José1 aAlbuerne López, Fernando